| 000 | 02046nam0a2200373 4500 | ||
|---|---|---|---|
| 001 | RU\NLR\BIBL_A\022231598 | ||
| 005 | 20240712152604.0 | ||
| 010 |
_a978-5-6051655-0-7 _9500 |
||
| 021 |
_aRU _bКН-П-24-021202 _9КН-П-24-2207 |
||
| 035 | _a(NLR Aleph) 022231598 | ||
| 090 |
_a13132959 _c13132959 |
||
| 100 | _a20240523d2024 k y0rusy50 ca | ||
| 101 | 0 | _arus | |
| 102 | _aRU | ||
| 105 | _aa z 000yy | ||
| 181 | 0 |
_ai3 _baxxe |
|
| 182 | 0 | _an | |
| 200 | 1 |
_aСовременные технологии в мясном скотоводстве _eмонография _fВ. Ф. Позднякова, С. Л. Сафронов, Т. Ю. Гусева, О. Е. Иванова |
|
| 203 |
_aТекст _bвизуальный _cнепосредственный |
||
| 210 |
_aСанкт-Петербург _c[б. и.] _d2024 |
||
| 215 |
_a180 с. _cил., цв. ил., табл. _d21 |
||
| 300 | _aНа 180-й с. авт.: В. Ф. Позднякова, д-р с.-х. наук, проф., С. Л. Сафронов, д-р с.-х. наук, доц., Т. Ю. Гусева, канд. с.-х. наук, доц., О. Е. Иванова, канд. экон. наук, доц. | ||
| 320 | _aБиблиогр.: с. 162-176 (135 назв.) | ||
| 606 | 1 |
_aМясное скотоводство _xИнновационные технологии _92627032 _3RU\NLR\AUTH\661563592 |
|
| 686 | 1 | _aП60-612 | |
| 701 | 1 |
_aПозднякова _bВ. Ф. _gВера Филипповна |
|
| 701 | 1 |
_7ca _8rus _aСафронов _bС. Л. _cд-р с.-х. наук _f1972- _gСергей Леонидович _9270037 _3RU\NLR\AUTH\770270093 |
|
| 701 | 1 |
_7ca _8rus _aГусева _bТ. Ю. _cканд. с.-х. наук _f1959- _gТатьяна Юрьевна _9270049 _3RU\NLR\AUTH\770270105 |
|
| 701 | 1 |
_7ca _8rus _aИванова _bО. Е. _cканд. экон. наук _gОксана Евгеньевна _97208 _3RU\NLR\AUTH\7724157 |
|
| 942 | _cBOOK | ||
| 980 | _aNB | ||